000 00467cam a2200169ua 4500
020 _c7.50
041 _aeng
_h
082 _a825
_bRAD/OC
100 _aRadhakrishnan, S .
245 _aOccassional speeches and writings October 1952- February 1959 /
_cS.Radhakrishnana.
_hTextual Documents
260 _aIndia :
_bPublication Division, Govt. of India ,
_c1960.
300 _a617 ; .
365 _a7.50
504 _a
942 _cBK
999 _c12524
_d12524